| 000 | 00802cam a2200217 4500 | ||
|---|---|---|---|
| 008 | #DATE n1987 000 0 eng u | ||
| 020 | _a0854063692 | ||
| 035 | _a(Sirsi) u129309 | ||
| 041 | _aeng | ||
| 050 | _a347.4109 | ||
| 110 |
_aRoyal Institution of Chartered Surveyors _94900 |
||
| 245 | _aGuidance notes for surveyors acting as arbitrators or as independent experts in rent reviews | ||
| 250 | _a4th ed. | ||
| 260 |
_aLondon _bSurveyors Publications _c1987 |
||
| 300 | _a45p. ; 30cm. | ||
| 520 | _aSUPERSEDED: Replaced by 5th edition (RICS 1991/32). | ||
| 650 | _aMANAGEMENT-DISPUTE AVOIDANCE, MANAGEMENT AND RESOLUTION-DISPUTE MANAGEMENT AND RESOLUTION-ARBITRATION | ||
| 650 |
_aEXPERT WITNESS _96239 |
||
| 690 | _aMANAGEMENT-BUSINESS MANAGEMENT-PROFESSIONAL PRACTICE | ||
| 942 | _n0 | ||
| 999 |
_c104142 _d104142 |
||